Normal view
MARC view
- دراسة وتجقيق هند غسان ابو الشعر، دراسة وتجقيق عبدالله مطلق العساف
Entry Personal Name
001 - CONTROL NUMBER
- control field: 49416
003 - CONTROL NUMBER IDENTIFIER
- control field: JO-AjAnu
005 - DATE AND TIME OF LATEST TRANSACTION
- control field: 20230606082137.0
008 - FIXED-LENGTH DATA ELEMENTS
- fixed length control field: 230606|| aca||aabn | a|a d
040 ## - CATALOGING SOURCE
- Original cataloging agency: JO-AjAnu
- Transcribing agency: JO-AjAnu
100 ## - HEADING--PERSONAL NAME
- Personal name: دراسة وتجقيق هند غسان ابو الشعر، دراسة وتجقيق عبدالله مطلق العساف
670 ## - SOURCE DATA FOUND
- Source citation: Work cat.: (JO-AjAnu)25271: دراسة وتجقيق هند غسان ابو الشعر، دراسة وتجقيق عبدالله مطلق العساف, author, مأدبا(1923-1927) الملامح الاجتماعية والاقتصادية من خلال سجل مقررات مجلس البلدية